000 00313 a2200157 4500
001 178820
020 _a
040 _cMagnum
100 _aCruz, Luiz Santa
240 1 0 _aRaul de leoni
_lpor
245 1 0 _aRaul de leoni
362 0 _a1899
440 1 _aAgir
697 _aMAGNITO: A/ANTOLOGIA
942 _cBK
999 _c178820
_d178820